|
|
|
|
| LEADER |
01217nam a2200253 i 4500 |
| 001 |
GR-MES58 |
| 003 |
GR-PaULI |
| 005 |
20240527114500.0 |
| 008 |
991111t1984 gr a g 001 b eng d |
| 020 |
|
|
|a 0306415208
|
| 040 |
|
|
|a GrPaTEI
|b gre
|c GR-PaULI
|e AACR2
|
| 082 |
0 |
4 |
|2 23
|a 597.138
|
| 245 |
0 |
0 |
|a Evolutionary genetics of fishes /
|c edited by Bruce J. Turner.
|
| 260 |
|
|
|a New York :
|b Plenum Press,
|c c1984.
|
| 300 |
|
|
|a xviii, 636 σ. :
|b εικ. ;
|c 24 εκ.
|
| 490 |
0 |
|
|a Monographs in evolutionary biology
|
| 504 |
|
|
|a Περιλαμβάνει βιβλιογραφία και ευρετήριο.
|
| 650 |
|
4 |
|a Ψάρια
|9 62034
|x Γενετική.
|
| 700 |
1 |
|
|a Turner, Bruce J.
|9 203731
|e επιμελητής.
|
| 942 |
|
|
|2 ddc
|c BK
|
| 952 |
|
|
|0 0
|1 0
|2 ddc
|4 0
|6 597_138000000000000_ΕVO
|7 0
|9 263317
|a MSLG
|b MSLG
|c BSC
|d 2021-01-17
|e 24
|f 0
|g 0.00
|i 1054
|l 0
|o 597.138 ΕVO
|p 2420000001054
|r 2021-01-17 00:00:00
|t 1
|w 2021-01-17
|y BK15
|x 19991111 0 1
|x GrPaTEI
|
| 952 |
|
|
|0 0
|1 0
|2 ddc
|4 0
|6 597_138000000000000_ΕVO
|7 0
|9 263318
|a MSLG
|b MSLG
|c BSC
|d 2021-01-17
|e 24
|f 0
|g 0.00
|i 1055
|l 0
|o 597.138 ΕVO
|p 2420000001055
|r 2021-01-17 00:00:00
|t 2
|w 2021-01-17
|y BK15
|x 19991111 0 1
|x GrPaTEI
|
| 998 |
|
|
|c ΒΑΣΙΛΕΙΟΥ
|d 2024-05
|
| 999 |
|
|
|c 151554
|d 151554
|